000 00654nam a2200169 a 4500
001 000026450
005 20200930030230.0
008 110318s2000 dr 000 0 spa d
020 _a9993480711
040 _aDO-SdBNP
_bspa
_cBNPHU
245 0 0 _aCatálogo colectivo de publicaciones periódicas en ciencias sociales y humanidades /
_ceditado Dulce María Núñez de Taveras.
260 _aSanto Domingo :
_bADRU
_bABUD,
_c2000.
_fEditora Búho
300 _a679 P. ;
_c23 cm.
710 1 _aAsociación Dominicana de Rectores de Universidades (ADRU)
_953506
710 1 _aAsociación de Bibliotecas Universitarias Dominicanas (ABUD)
_953507
049 _aBNPD
999 _c25942
_d25942